Statistics for Controllers of Cameroon Throughout History

Click here to take the quiz!

General Stats

  • This quiz has been taken 36 times
  • The average score is 4 of 6

Answer Stats

Time PeriodAnswer% Correct
1960-Cameroon
100%
1884-1919Germany
100%
1919-1960France
91%
1804-1889Sokoto
27%
1221-1380Kanem
18%
1380-1893Bornu
15%

Score Distribution

Percentile by Number Answered

Percent of People with Each Score

Your Score History

You have not taken this quiz